Moment of the predator /

Shranjeno v:
Bibliografske podrobnosti
Glavni avtor: Bernard, George, 1949-
Format: Knjiga
Jezik:English
Izdano: New York : Nordon, 1980.
Serija:Leisure books
LEADER 00788nam a2200229 a 4500
001 c000269951
003 CARM
005 20070830133158.0
008 870729s1980 nyu 000 1 eng d
019 1 |a 5404254  |5 LACONCORD2021 
020 |a 0843908076 
035 |a (OCoLC)220048231  |5 LACONCORD2021 
040 |a SFED:AD  |b eng  |c SFED:AD 
082 0 4 |a 813.54  |2 19 
100 1 |a Bernard, George,  |d 1949- 
245 1 0 |a Moment of the predator /  |c George Bernard. 
260 |a New York :  |b Nordon,  |c 1980. 
300 |a 352 p. ;  |c 18 cm. 
490 0 |a Leisure books 
852 8 |b CARM  |h A1:AM18A0  |i A04769  |p 0390245  |f BK 
999 f f |i 9a39cd45-4387-55f7-bc2d-ea9b6838f8c5  |s 9310b3c7-3ab6-5a80-9004-9c9a4df61b96 
952 f f |p Can circulate  |a CAVAL  |b CAVAL  |c CAVAL  |d CARM 1 Store  |e A04769  |f A1:AM18A0  |h Other scheme  |i book  |m 0390245